MICROPROCESSOR ARCHITECURE PROGRAMMING AND APPLICATIONS , WITH THE 8085/8080 A (Record no. 573086)
[ view plain ]
| 000 -LEADER | |
|---|---|
| fixed length control field | 00340nam a22001217a 4500 |
| 020 ## - INTERNATIONAL STANDARD BOOK NUMBER | |
| International Standard Book Number | 0-85226-297-3 |
| 082 ## - DEWEY DECIMAL CLASSIFICATION NUMBER | |
| Classification number | 004.16 GAO'M |
| 100 ## - MAIN ENTRY--PERSONAL NAME | |
| Personal name | GAONKAR, RAMESH S |
| 9 (RLIN) | 64658 |
| 245 ## - TITLE STATEMENT | |
| Title | MICROPROCESSOR ARCHITECURE PROGRAMMING AND APPLICATIONS , WITH THE 8085/8080 A |
| 260 ## - PUBLICATION, DISTRIBUTION, ETC. | |
| Place of publication, distribution, etc. | NEWDELHI |
| Name of publisher, distributor, etc. | WILEY EASTON |
| Date of publication, distribution, etc. | 1992 |
| 300 ## - PHYSICAL DESCRIPTION | |
| Extent | X, 662P |
| 942 ## - ADDED ENTRY ELEMENTS (KOHA) | |
| Koha item type | Book |
| Withdrawn status | Lost status | Damaged status | Not for loan | Permanent Location | Current Location | Shelving location | Date acquired | Total Checkouts | Full call number | Barcode | Date last seen | Price effective from | Koha item type |
|---|---|---|---|---|---|---|---|---|---|---|---|---|---|
| College of Electrical & Mechanical Engineering (CEME) | College of Electrical & Mechanical Engineering (CEME) | General Stacks | 07/27/2017 | 004.16 GAO'M | CEME-25552 | 06/28/2021 | 06/28/2021 | Book |
